| 000 | 00644nam a2200193Ia 4500 | ||
|---|---|---|---|
| 003 | GCL | ||
| 008 | 140319s9999 xx 000 0 ara d | ||
| 040 |
_aGCL / _cGCL |
||
| 082 | 0 | 4 |
_a577.27 _bز ا |
| 100 | 1 | _aزكريا طاحون | |
| 245 | 1 | 0 |
_aاخلاقيات البيئة وحماقات الحروب / _cزكريا طاحون |
| 250 | _aالاولى | ||
| 260 |
_aالقاهرة : _bجمعية المكتب العربى للبحوث والبيئة ، _c2002 |
||
| 300 |
_a654ص ؛ _c24 سم |
||
| 650 | 0 | 4 | _aتلوث البيئة |
| 650 | 0 | 4 | _aحماية البيئة |
| 650 | 0 | 4 | _aالسلوك الاجتماعى |
| 942 |
_2ddc _cBK |
||
| 999 |
_c44159 _d44159 |
||